ਅਜਮੇਰ ਸਿੰਘ ਔਲਖ ਡੀ ਨਾਟ-ਰਹਨਾ ਦੇ ਪ੍ਰਤਿਮਾਨ / (Record no. 111188)

MARC details
000 -LEADER
fixed length control field 01027nam a22002417a 4500
005 - DATE AND TIME OF LATEST TRANSACTION
control field 20170123164203.0
010 ## - LIBRARY OF CONGRESS CONTROL NUMBER
LC control number B-082393
020 ## - INTERNATIONAL STANDARD BOOK NUMBER
Terms of availability 135.00
035 ## - SYSTEM CONTROL NUMBER
System control number B-082393
037 ## - SOURCE OF ACQUISITION
Source of stock number/acquisition Cen Lib / Ret
040 ## - CATALOGING SOURCE
Original cataloging agency DPL
Language of cataloging PN
082 ## - DEWEY DECIMAL CLASSIFICATION NUMBER
Classification number 853.08
Item number ਅਜਮੇ
100 ## - MAIN ENTRY--PERSONAL NAME
Personal name ਜਗੀਰ ਸਿੰਘ ਨੂਰ
9 (RLIN) 6710
245 ## - TITLE STATEMENT
Title ਅਜਮੇਰ ਸਿੰਘ ਔਲਖ ਡੀ ਨਾਟ-ਰਹਨਾ ਦੇ ਪ੍ਰਤਿਮਾਨ /
Statement of responsibility, etc ਜਗੀਰ ਸਿੰਘ ਨੂਰ
246 ## - VARYING FORM OF TITLE
Title proper/short title Ajmer Singh Aulakh di naat-rachna de pratimaan /
Remainder of title by Jagir Singh Noor
260 ## - PUBLICATION, DISTRIBUTION, ETC. (IMPRINT)
Place of publication, distribution, etc ਪੰਜਾਬ
Name of publisher, distributor, etc ਪੰਜਾਬੀ ਸਾਹਿਤ ਅਤੇ ਸਭਿਆਚਾਰ ਸਦਨ
Date of publication, distribution, etc 2001
270 ## - ADDRESS
Address A-9 ਚਾਹਲ ਨਗਰ, ਫਗਵਾੜਾ
City ਪੰਜਾਬ
Postal code 144401
300 ## - PHYSICAL DESCRIPTION
Extent 112p.
Dimensions 23cm(Hb)
650 ## - SUBJECT ADDED ENTRY--TOPICAL TERM
Topical term or geographic name as entry element ਪੰਜਾਬੀ ਸਾਹਿਤ
Form subdivision ਜੀਵਨੀ
9 (RLIN) 138609
650 ## - SUBJECT ADDED ENTRY--TOPICAL TERM
Topical term or geographic name as entry element Punjabi Literature
9 (RLIN) 138610
650 ## - SUBJECT ADDED ENTRY--TOPICAL TERM
Topical term or geographic name as entry element Punjabi Literature
Form subdivision Biography
9 (RLIN) 1698
942 ## - ADDED ENTRY ELEMENTS (KOHA)
Source of classification or shelving scheme Dewey Decimal Classification
Koha item type Punjabi Bks
Classification part 853.08
Call number suffix ਅਜਮੇ
Holdings
Withdrawn status Lost status Damaged status Not for loan Home library Current library Date acquired Source of acquisition Cost, normal purchase price Total Checkouts Full call number Barcode Date last seen Copy number Cost, replacement price Price effective from Koha item type
        Central Library Central Library 17/03/2016 Cen Lib/Ret 135.00   853.08 ਅਜਮੇ B-082393 17/03/2016 1 135.00 17/03/2016 Punjabi Bks

© Delhi Public Library
Hit Counter
free hit counter